Organic chemicals in the environment (Record no. 11594)

MARC details
000 -LEADER
fixed length control field 02163nam a2200349Ia 4500
001 - CONTROL NUMBER
control field CRC0KE11184PDF
003 - CONTROL NUMBER IDENTIFIER
control field BD-DhSAU
005 - DATE AND TIME OF LATEST TRANSACTION
control field 20151012144304.0
006 - FIXED-LENGTH DATA ELEMENTS--ADDITIONAL MATERIAL CHARACTERISTICS
fixed length control field m|||||o||d||||||||
007 - PHYSICAL DESCRIPTION FIXED FIELD--GENERAL INFORMATION
fixed length control field cr||||
008 - FIXED-LENGTH DATA ELEMENTS--GENERAL INFORMATION
fixed length control field 121017s2013 flua sb 001 0 eng d
020 ## - INTERNATIONAL STANDARD BOOK NUMBER
International Standard Book Number 9781439826386 (ebook : PDF)
040 ## - CATALOGING SOURCE
Original cataloging agency BD-DhSAU
Transcribing agency BD-DhSAU
090 ## - LOCALLY ASSIGNED LC-TYPE CALL NUMBER (OCLC); LOCAL CALL NUMBER (OCLC)
Classification number (OCLC) (R) ; Classification number, CALL (RLIN) (NR) QH545.W3
Local cutter number (OCLC) ; Book number/undivided call number, CALL (RLIN) N45 2013
092 ## - LOCALLY ASSIGNED DEWEY CALL NUMBER (OCLC)
Classification number 578.76
Item number N414
100 1# - MAIN ENTRY--PERSONAL NAME
Personal name Neilson, Alasdair H.
245 10 - TITLE STATEMENT
Title Organic chemicals in the environment
Medium [electronic resource] :
Remainder of title mechanisms of degradation and transformation /
Statement of responsibility, etc. Alasdair H. Neilson and Ann-Sofie Allard.
250 ## - EDITION STATEMENT
Edition statement 2nd ed.
260 ## - PUBLICATION, DISTRIBUTION, ETC. (IMPRINT)
Place of publication, distribution, etc. Boca Raton, Fla. :
Name of publisher, distributor, etc. CRC Press,
Date of publication, distribution, etc. 2013.
300 ## - PHYSICAL DESCRIPTION
Extent xxix, 1017 p. :
Other physical details ill.
504 ## - BIBLIOGRAPHY, ETC. NOTE
Bibliography, etc Includes bibliographical references and index.
505 0# - FORMATTED CONTENTS NOTE
Formatted contents note section 1. Degradation and transformation processes -- section 2. Experimental procedures -- section 3. Pathways and mechanisms of degradation and transformation.
520 ## - SUMMARY, ETC.
Summary, etc. "This fully updated second edition addresses the persistent environmental threat of organic chemicals with a fresh approach to evaluating degradation and transformation processes. It examines a wide range of chemical as well as abiotic and microbiological reactions mediated by microorganisms. Emphasizing the pathways used and the broad classes of enzyme involved, it provides an overview of experimental procedures with detailed coverage of xenobiotic organic compounds. Updated topics include enantiomers and racemization, dehalorespiration, caffeate as electron acceptor, reduction of carbocyclic rings, steroid degradation, corrins, glutathione, and pyridoxal-P"--
Assigning source Provided by publisher.
530 ## - ADDITIONAL PHYSICAL FORM AVAILABLE NOTE
Additional physical form available note Also available in print edition.
538 ## - SYSTEM DETAILS NOTE
System details note Mode of access: World Wide Web.
650 #0 - SUBJECT ADDED ENTRY--TOPICAL TERM
Topical term or geographic name as entry element Aquatic organisms
General subdivision Effect of water pollution on.
650 #0 - SUBJECT ADDED ENTRY--TOPICAL TERM
Topical term or geographic name as entry element Organic water pollutants
General subdivision Environmental aspects.
655 #7 - INDEX TERM--GENRE/FORM
Genre/form data or focus term Electronic books.
Source of term lcsh
700 1# - ADDED ENTRY--PERSONAL NAME
Personal name Allard, Ann-Sofie.
776 1# - ADDITIONAL PHYSICAL FORM ENTRY
International Standard Book Number 9781439826379 (hardback)
856 40 - ELECTRONIC LOCATION AND ACCESS
Uniform Resource Identifier <a href="http://marc.crcnetbase.com/isbn/9781439826386">http://marc.crcnetbase.com/isbn/9781439826386</a>
Electronic format type application/PDF

No items available.